00331nam a2200121Ia 4500008004100000020001800041041000800059082002800067100002100095245005500116260002900171300000900200230411s9999 xx 000 0 und d a81 8061 380 1 aeng aMS/610.73677/GUP/B04723 aGupta Shuva Das. aMedical Surgical Interventions for the Criticallly bGeneralaNew Delhic2005 a262p